Normal view
MARC view
- Statistics.
Entry Topical Term
001 - CONTROL NUMBER
- control field: 56415
003 - CONTROL NUMBER IDENTIFIER
- control field: OSt
005 - DATE AND TIME OF LATEST TRANSACTION
- control field: 20240411112202.0
008 - FIXED-LENGTH DATA ELEMENTS
- fixed length control field: 240411|| aca||aabn | a|a d
040 ## - CATALOGING SOURCE
- Original cataloging agency: OSt
- Transcribing agency: OSt
150 ## - HEADING--TOPICAL TERM
- Topical term or geographic name entry element: Statistics.
670 ## - SOURCE DATA FOUND
- Source citation: Work cat.: (OSt)20034: Sta. Maria, Antonina C. 56132, General Statistics :, ©1988.
